000 00710nam a2200289Ia 4500
005 20260324140818.0
008 008 260324s9999 xx 000 0 eng d
020 _a9780203208311
037 _aEBOOK
040 _aCRL
040 _beng
040 _cCRL
041 _2eng
041 _aeng
084 _qCRL
100 _aDouglas Kellner; Herbert Marcuse
_91190842
245 0 _aTechnology, War and Fascism
245 0 _bCollected Papers of Herbert Marcuse, Volume 1
260 _bTaylor and Francis
260 _c1998
365 _a
365 _b220
856 _uhttp://www.taylorfrancis.com/books/9780203208311
942 _cEBOOK
999 _c1808266
_d1808266